טוען...
Vaisdyasamskaram
| מחבר ראשי: | |
|---|---|
| פורמט: | Printed Book |
| שפה: | English |
| יצא לאור: |
Kozhikode
Mathrubhumi
2000
|
| נושאים: |
| LEADER | 00526nam a22001577a 4500 | ||
|---|---|---|---|
| 005 | 20151026130337.0 | ||
| 008 | 091022t xxu||||| |||| 00| 0 eng d | ||
| 080 | |a 608.1P=M |b RAM | ||
| 100 | |a Ramachandran, C.K. |9 7509 | ||
| 245 | |a Vaisdyasamskaram | ||
| 260 | |a Kozhikode |b Mathrubhumi |c 2000 |9 7952 | ||
| 300 | |a 181p. | ||
| 653 | |a Medical Science-popular literature |a Popular science | ||
| 942 | |c BK |6 _ | ||
| 999 | |c 3518 |d 3518 | ||
| 952 | |0 0 |1 0 |2 udc |4 0 |6 6081PM_RAM |7 0 |9 14190 |a UL |b UL |d 2009-10-22 |o 608.1P=M RAM |p 00055975 |r 2009-10-22 |w 2009-10-22 |y BK | ||